Silent 'P' Quiz Stats

 Plays Quiz Updated Nov 13, 2018

     
Support Sporcle.
Go Orange.
Score 0/16 Timer 05:00
1 Play Today
Hint Term % Correct
Sacred poem from the BiblePsalm
91.7%
Study of the mind, such as abnormal or cognitivePsychology
75.7%
They can tell you what you're thinking....right...now!Psychic
74.1%
Lung condition that can lead to death in elderlyPneumonia
65.4%
Large winged lizard who flew around dinosaursPterosaur
56.9%
Tony Soprano spent a lot of time talking to onePsychiatrist
54.3%
Chronic skin condition, often manifesting in rashesPsoriasis
49.8%
Drug maker known for creating Lipitor and ViagraPfizer
47.5%
Hint Term % Correct
Timothy Leary + LSD = this kind of experiencePsychedelic
46.6%
Early 2nd century astronomer and mathematicianPtolemy
44.4%
Actress in 'Dangerous Liaisons' who also played CatwomanMichelle Pfeiffer
36.4%
Like the drills used to break up asphaltPneumatic
34.6%
For Stephen King it was Richard BachmanPseudonym
26.6%
Canadian game bird also known as a Snow ChickenPtarmigan
11.1%
X-Men telepath who was originally Betsy BraddockPsylocke
9.5%
Telepathy and Telekinesis are examples of this practicePsionics
3.1%

From the Vault

Jack Nicholson Movies

by Derek

Movies 8m
Here's Jack! Through 5 decades and 57 credited movies, Mr. Nicholson has only twice played characters with the first name of Jack. For what it's worth, he was only a Johnny once.
Remove Ads.
Support Sporcle.
Get the best of Sporcle when you Go Orange. This ad-free experience offers more features, more stats, and more fun while also helping to support Sporcle. Thank you for becoming a member.

Show Comments

Extras

Top Quizzes Today


Score Distribution

Your Account Isn't Verified!

In order to create a playlist on Sporcle, you need to verify the email address you used during registration. Go to your Sporcle Settings to finish the process.

Report this User

Report this user for behavior that violates our Community Guidelines.

Details: